000 00641nam a22002057a 4500
003 OSt
005 20251120163044.0
008 251120b |||||||| |||| 00| 0 eng d
020 _a971-08-6858-6.
040 _aDWCL-Main lib
_cOC
082 _2Rev. ed.
_aFil. 808.5 M385r 2007
100 _aMartinez, Norma D.
245 _aResponsible speech communication Rev. ed.
_cMartinez, Norma D.
260 _aMandaluyong City :
_bNational Book Store,
_cc2007.
300 _axi, 200 pages :
_billustration ;
_c21 cm.
504 _aIncludes index.
650 _21. Communication.
650 _22. Speech.
942 _2ddc
_cBK - FIL
_eRev. ed.
_kFil.
_n0
999 _c5920
_d5920